Villes qui ne fêtent pas Noël (mort subite) - Statistiques

Statistiques générales
  • Ce quiz a été pris 67 fois
  • Le résultat moyen est 6 sur 12
Answers on the Grid
Answers color-coded by a green-red scale on the quiz's grid according to % correct below.
Mouais
Douchanbé
Oulan-Bator
Bandar Seri Begawan
Abuja
Pyongyang
Llanfairpwllgwyngyllgogerychwyrndrobwllllantysiliogogogoch
Mogadiscio
Thimphou
Ouarzazate
Tel Aviv
Riyad
Ispahan
Duluth
Karachi
Tataouine
 
Statistiques - réponses
Réponse % Correct
Riyad
73%
Tel Aviv
59%
Bandar Seri Begawan
55%
Ouarzazate
55%
Pyongyang
55%
Oulan-Bator
52%
Tataouine
52%
Ispahan
48%
Karachi
48%
Mogadiscio
38%
Douchanbé
29%
Thimphou
20%
Aucun quiz correspondant
Distribution des résultats
% des personnes avec chaque résultat
Percentile par nombre de réponses
Votre historique - résultats
Vous n’avez pas pris ce quiz